000 01018nam a22002537a 4500
005 20180301115557.0
010 _a1617EN ENG-116681
020 _a9780199463602
_c1195.00
035 _aB-650231-237
035 _aEN-100213
035 _aB-664945
037 _bUppal
037 _bDBAD/PUB
082 _a881.092
100 _aRodriguez, Guillermo
245 _aWhen mirrors are windows: a view of A.K. Ramanujan's poetics /
_cby Guillermo Rodriguez
260 _aNew Delhi
_bOxford University Press
_c2016
270 _aYMCA Library Building, 1, Jai Singh Road,
_bNew Delhi
_e110001
300 _axxii, 544p.
_c21cm(Hb)
650 _z
942 _2ddc
_cEN
_mROD
_h880.092
999 _c101833
_d101833